[Event "14. Sparkassen Open 2015 - Gruppe A"]
[Site "Forchheim"]
[Date "2015.10.03"]
[Round "2.6"]
[White "Walter, Florian"]
[Black "Hilverda, Alexander"]
[Result "0-1"]
[WhiteElo "2160"]
[BlackElo "2384"]
[PlyCount "60"]
[EventDate "2015.??.??"]
[WhiteTeam "SC Noris-Tarrasch Nürnberg"]
[BlackTeam "SC Erlangen"]

1. c4 e5 2. g3 Nf6 3. Bg2 h6 4. Nc3 Bb4 5. Qc2 O-O 6. Nf3 Re8 7. O-O c6 8. a3
Bf8 9. b3 d5 10. cxd5 cxd5 11. d4 e4 12. Ne5 Bf5 13. Be3 Nbd7 14. Nxd7 Qxd7 15.
Qb2 Bh3 16. Rfc1 Bxg2 17. Kxg2 Ng4 18. Rc2 h5 19. Bf4 e3 20. Bxe3 Nxe3+ 21.
fxe3 Rxe3 22. Nd1 Re6 23. Nf2 h4 24. Rac1 Rae8 25. Nd3 Rh6 26. Ne5 Qf5 27. Rf1
Qe4+ 28. Rf3 hxg3 29. hxg3 Qh7 30. Ng4 Rh1 0-1

[Event "14. Sparkassen Open 2015 - Gruppe A"]
[Site "Forchheim"]
[Date "2015.10.03"]
[Round "2.7"]
[White "Thinius, Marco"]
[Black "Köhler, Gerhard"]
[Result "1-0"]
[WhiteElo "2320"]
[BlackElo "2178"]
[PlyCount "75"]
[EventDate "2015.??.??"]
[WhiteTeam "SV Empor Berlin"]
[BlackTeam "USV VB Halle"]

1. Nf3 Nf6 2. c4 g6 3. Nc3 Bg7 4. e4 d6 5. d4 O-O 6. Be2 Nbd7 7. O-O e5 8. Be3
Ng4 9. Bg5 f6 10. Bc1 Nh6 11. Rb1 Re8 12. b4 Nf7 13. dxe5 dxe5 14. Be3 c6 15.
Qb3 Qe7 16. Rfd1 Nf8 17. b5 Ne6 18. bxc6 bxc6 19. Qa4 Nfd8 20. Rd2 Bf8 21. Rdb2
Qa3 22. Qxa3 Bxa3 23. Rb8 Rxb8 24. Rxb8 Bb7 25. c5 Bxc5 26. Bc4 Kf8 27. Bxe6
Bd6 28. Rxb7 Nxb7 29. Bd7 Rd8 30. Bxc6 Rc8 31. Bh6+ Kf7 32. Bxb7 Rxc3 33. Bd5+
Ke7 34. Bd2 Rc8 35. Kf1 Bc5 36. Ke2 Rb8 37. Be1 Bd4 38. Bb3 1-0

[Event "14. Sparkassen Open 2015 - Gruppe A"]
[Site "Forchheim"]
[Date "2015.10.03"]
[Round "2.9"]
[White "Golda, Harald"]
[Black "Lenhardt, Manfred"]
[Result "1-0"]
[WhiteElo "2346"]
[BlackElo "2113"]
[PlyCount "56"]
[EventDate "2015.??.??"]
[WhiteTeam "SK Schweinfurt"]
[BlackTeam "SC Weisse Dame (Berlin)"]

1. d4 Nf6 2. Nf3 g6 3. c4 Bg7 4. g3 c6 5. Bg2 O-O 6. O-O d5 7. cxd5 cxd5 8. Ne5
Nc6 9. Nxc6 bxc6 10. Nc3 Be6 11. Bf4 Nd7 12. Qd2 Nb6 13. b3 Rc8 14. Bh6 Qd6 15.
Bxg7 Kxg7 16. Rac1 Rfd8 17. e3 f6 18. Ne2 c5 19. dxc5 Rxc5 20. Rxc5 Qxc5 21.
Rc1 Qd6 22. Qa5 Qd7 23. h4 Bf7 24. Kh2 e5 25. f4 Be6 26. fxe5 fxe5 27. Ng1 e4
28. Bxe4 dxe4 1-0

[Event "14. Sparkassen Open 2015 - Gruppe A"]
[Site "Forchheim"]
[Date "2015.10.03"]
[Round "2.11"]
[White "Gentner, Markus"]
[Black "Reis, Gerhard"]
[Result "0-1"]
[WhiteElo "2021"]
[BlackElo "2197"]
[PlyCount "82"]
[EventDate "2015.??.??"]
[WhiteTeam "SC Murrhardt"]
[BlackTeam "SW Nürnberg Süd"]

1. Nf3 Nf6 2. c4 g6 3. Nc3 d5 4. cxd5 Nxd5 5. Qa4+ Bd7 6. Qb3 Nb6 7. d4 Bg7 8.
Bf4 O-O 9. e4 a5 10. Nb5 a4 11. Qe3 Bxb5 12. Bxb5 a3 13. b4 Na6 14. Rb1 c6 15.
Be2 Nc7 16. O-O Ne6 17. Rfd1 Nxf4 18. Qxf4 Na4 19. Qe3 Nb2 20. Rd2 Qb6 21. Qb3
Rfd8 22. Bc4 Nxc4 23. Qxc4 Ra4 24. Rd3 e6 25. g3 Bf8 26. Rdb3 Qb5 27. Qc3 Qe2
28. Rxa3 Rxa3 29. Qxa3 Qxe4 30. Re1 Qc2 31. Qa5 Rd5 32. Qa8 Rf5 33. Kg2 b5 34.
a3 Kg7 35. Qa7 Qa2 36. Re3 Bxb4 37. Qa6 Bd2 38. Rd3 Qc2 39. Rxd2 Qe4 40. Qa5
Rxf3 41. Kh3 Rf5 0-1

[Event "14. Sparkassen Open 2015 - Gruppe A"]
[Site "Forchheim"]
[Date "2015.10.03"]
[Round "2.12"]
[White "Eber, Fabian"]
[Black "Imcke, Patrick"]
[Result "1-0"]
[WhiteElo "2064"]
[BlackElo "2119"]
[PlyCount "47"]
[EventDate "2015.??.??"]
[WhiteTeam "SGem Fürth"]
[BlackTeam "SF Katernberg"]

1. d4 Nf6 2. c4 g6 3. Nc3 d5 4. Bg5 Ne4 5. Nxe4 dxe4 6. Qd2 Bg7 7. O-O-O Nc6 8.
e3 O-O 9. Ne2 h6 10. Bh4 a5 11. Nc3 Bf5 12. Be2 g5 13. Bg3 e5 14. d5 Nd4 15.
exd4 exd4 16. Nb5 d3 17. Bh5 c6 18. Nd6 Bh7 19. h4 cxd5 20. hxg5 dxc4 21. gxh6
Bf6 22. f3 e3 23. Qxe3 Bxb2+ 24. Kxb2 1-0

[Event "14. Sparkassen Open 2015 - Gruppe A"]
[Site "Forchheim"]
[Date "2015.10.03"]
[Round "2.13"]
[White "Bathray, Johannes"]
[Black "Koch, Markus"]
[Result "1-0"]
[WhiteElo "2154"]
[BlackElo "2170"]
[PlyCount "69"]
[EventDate "2015.??.??"]
[WhiteTeam "SC Böblingen"]
[BlackTeam "SC Brett vorm Kopp"]

1. Nf3 Nf6 2. c4 e6 3. Nc3 d5 4. d4 c6 5. Bg5 dxc4 6. e4 b5 7. e5 h6 8. Bh4 g5
9. Nxg5 hxg5 10. Bxg5 Nbd7 11. g3 Bb7 12. Bg2 Qb6 13. exf6 O-O-O 14. O-O c5 15.
d5 b4 16. Rb1 Qa6 17. dxe6 Bxg2 18. e7 Bxf1 19. exd8=Q+ Kxd8 20. Qxf1 bxc3 21.
bxc3 Bd6 22. Qg2 Kc7 23. Qd5 Ne5 24. Re1 Re8 25. Kf1 Re6 26. h4 Nd3 27. Rxe6
fxe6 28. Qxe6 Qxa2 29. Be3 Qb1+ 30. Kg2 Qb7+ 31. Kg1 Qb1+ 32. Kh2 Qf1 33. f7
Bxg3+ 34. Kxg3 Qg1+ 35. Kh3 1-0

[Event "14. Sparkassen Open 2015 - Gruppe A"]
[Site "Forchheim"]
[Date "2015.10.03"]
[Round "2.14"]
[White "Martin Fernandez, Rodrigo"]
[Black "Schäfers, Andreas"]
[Result "1/2-1/2"]
[WhiteElo "2137"]
[BlackElo "2037"]
[PlyCount "134"]
[EventDate "2015.??.??"]
[WhiteTeam "SC Erlangen"]
[BlackTeam "SV Koblenz"]

1. d4 d5 2. c4 e6 3. Nc3 Nf6 4. Bg5 Be7 5. e3 O-O 6. cxd5 exd5 7. Bd3 c6 8. Qc2
Nbd7 9. Nf3 Re8 10. O-O h6 11. Bh4 Ne4 12. Bxe7 Qxe7 13. b4 a6 14. a4 Ndf6 15.
Rab1 Nxc3 16. Qxc3 Be6 17. Rfc1 Rec8 18. Nd2 Ne8 19. f3 Nd6 20. Re1 Rc7 21. Nb3
f5 22. Nc5 Bf7 23. Qc2 Qf6 24. Qf2 Re7 25. Re2 Rae8 26. Rbe1 Qg5 27. Qg3 Qf6
28. Qf2 Qg5 29. Bc2 Bh5 30. Nd3 Nc4 31. h4 Qf6 32. Nf4 Bf7 33. Bb3 Nd6 34. Nd3
Bh5 35. Nf4 Bf7 36. Nd3 Bh5 37. Ne5 Nf7 38. Nxf7 Bxf7 39. Bc2 g6 40. Bd3 Qd6
41. Rb1 Be6 42. Qe1 Bd7 43. Qf2 Kg7 44. f4 h5 45. g3 Bc8 46. Qe1 Re6 47. Kf2
Qc7 48. Rb3 Bd7 49. Bb1 c5 50. bxc5 Bxa4 51. Ra3 Bb5 52. Bd3 Bc6 53. Qc1 Kh7
54. Bc2 Bb5 55. Bd3 Bc6 56. Re1 Kh6 57. Bc2 Qd7 58. Qb2 R8e7 59. Qb4 Kg7 60.
Ba4 Bxa4 61. Qxa4 Rc6 62. Rb3 Rxc5 63. Qxd7 Rc2+ 64. Re2 Rxe2+ 65. Kxe2 Rxd7
66. Rb6 Rc7 67. Kd2 Rd7 1/2-1/2

[Event "14. Sparkassen Open 2015 - Gruppe A"]
[Site "Forchheim"]
[Date "2015.10.03"]
[Round "2.16"]
[White "Süß, Stefan"]
[Black "Auburger, Philipp"]
[Result "1/2-1/2"]
[WhiteElo "2004"]
[BlackElo "1962"]
[PlyCount "68"]
[EventDate "2015.??.??"]
[WhiteTeam "SC Noris-Tarrasch Nürnberg"]
[BlackTeam "SC Forchheim"]

1. e4 e5 2. Nf3 Nf6 3. Nxe5 d6 4. Nf3 Nxe4 5. d4 d5 6. Bd3 Be7 7. O-O Nc6 8. c4
Nb4 9. Be2 O-O 10. a3 Nc6 11. Nc3 Nxc3 12. bxc3 Bf5 13. cxd5 Qxd5 14. Bf4 Rac8
15. Re1 Rfe8 16. Nd2 Bf6 17. Bf3 Rxe1+ 18. Qxe1 Qd7 19. Ne4 Be7 20. Ng3 Bd6 21.
Bxd6 cxd6 22. Bxc6 bxc6 23. Nxf5 Qxf5 24. Qe7 Qa5 25. Re1 h6 26. Qd7 Rf8 27.
Re8 Rxe8 28. Qxe8+ Kh7 29. Qxf7 Qxa3 30. g3 Qxc3 31. Qf5+ Kg8 32. Qe6+ Kh8 33.
Qe8+ Kh7 34. Qe4+ Kh8 1/2-1/2

[Event "14. Sparkassen Open 2015 - Gruppe A"]
[Site "Forchheim"]
[Date "2015.10.03"]
[Round "2.17"]
[White "Hock, Gerold"]
[Black "De Silva, Joel Niels"]
[Result "0-1"]
[WhiteElo "2100"]
[BlackElo "2069"]
[PlyCount "60"]
[EventDate "2015.??.??"]
[WhiteTeam "SC Großwelzheim"]
[BlackTeam "SV Hockenheim"]

1. e4 c5 2. Nf3 Nc6 3. Bb5 g6 4. O-O Bg7 5. Re1 e5 6. a4 Nge7 7. Nc3 O-O 8. Nd5
d6 9. c3 Be6 10. Nxe7+ Nxe7 11. b4 a6 12. Bf1 cxb4 13. cxb4 Nc6 14. Ba3 f5 15.
d3 Qb6 16. b5 Nd4 17. a5 Nxf3+ 18. gxf3 Qd4 19. Rb1 Rfd8 20. Bh3 axb5 21. Rxb5
Qc3 22. Bb4 Qc6 23. Rb6 Qc7 24. d4 Ra6 25. Rxa6 bxa6 26. exf5 gxf5 27. Bf1 Rb8
28. Qd2 Qc6 29. Rc1 Qxf3 30. Bxd6 Bd5 0-1

[Event "14. Sparkassen Open 2015 - Gruppe A"]
[Site "Forchheim"]
[Date "2015.10.03"]
[Round "2.18"]
[White "Kroneder, Christian"]
[Black "Kolthoff, Siegmund"]
[Result "1-0"]
[WhiteElo "2045"]
[BlackElo "2077"]
[PlyCount "125"]
[EventDate "2015.??.??"]
[WhiteTeam "SK Schwanstetten"]
[BlackTeam "Breloher SC"]

1. e4 e6 2. d4 d5 3. Nd2 c5 4. exd5 exd5 5. Ngf3 Nc6 6. Bb5 Bd6 7. O-O Nge7 8.
dxc5 Bxc5 9. Nb3 Bb6 10. Re1 O-O 11. Be3 Bc7 12. Bc5 Bd6 13. Bxd6 Qxd6 14. c3
Bg4 15. Be2 Ng6 16. Nfd4 Bxe2 17. Qxe2 a6 18. Rad1 Rad8 19. Qc2 Nce5 20. Nf5
Qf6 21. Nbd4 Rd7 22. g3 Rfd8 23. Re2 h6 24. Rde1 Rf8 25. Re3 Nc4 26. Re8 Rd8
27. R8e2 Nce5 28. h4 h5 29. f4 Nd7 30. Re6 fxe6 31. Rxe6 Qf7 32. Rxg6 Qe8 33.
Nh6+ Kh8 34. Re6 gxh6 35. Rxe8 Rdxe8 36. Qg6 Re7 37. Qxh6+ Rh7 38. Qe6 Nf6 39.
Qd6 Rhf7 40. Ne6 Rg8 41. Ng5 Rff8 42. Qe7 b5 43. Kh1 b4 44. Qxb4 Re8 45. Qd4
Rgf8 46. Qa7 Re1+ 47. Kg2 Rfe8 48. Nf7+ Kg8 49. Ne5 R1xe5 50. fxe5 Rxe5 51.
Qxa6 Kf7 52. a4 Ng4 53. a5 Rf5 54. Qe2 d4 55. cxd4 Rxa5 56. Qc4+ Kg6 57. Qg8+
Kh6 58. Qf8+ Kg6 59. Qe8+ Kh6 60. Qe6+ Kh7 61. Qd7+ Kg6 62. Qe8+ Kh6 63. Qc6+
1-0

[Event "14. Sparkassen Open 2015 - Gruppe A"]
[Site "Forchheim"]
[Date "2015.10.03"]
[Round "2.19"]
[White "Foermes, Alexander"]
[Black "Wichmann, Adrian"]
[Result "1/2-1/2"]
[WhiteElo "2074"]
[BlackElo "2009"]
[PlyCount "35"]
[EventDate "2015.??.??"]
[WhiteTeam "SK Marburg"]
[BlackTeam "SC Forchheim"]

1. c4 c6 2. g3 d5 3. Nf3 Nf6 4. Bg2 Bf5 5. cxd5 cxd5 6. Qb3 Qc8 7. Nc3 e6 8. d3
Nc6 9. Bf4 Nh5 10. Bd2 Bg6 11. O-O Bd6 12. e4 dxe4 13. dxe4 O-O 14. Rac1 Qd7
15. Rfd1 Rac8 16. g4 Nf6 17. Bf4 Na5 18. Qc2 1/2-1/2

[Event "14. Sparkassen Open 2015 - Gruppe A"]
[Site "Forchheim"]
[Date "2015.10.03"]
[Round "2.20"]
[White "Schwab, Matthias"]
[Black "Kast, Joannis"]
[Result "0-1"]
[WhiteElo "2107"]
[BlackElo "2023"]
[PlyCount "50"]
[EventDate "2015.??.??"]
[WhiteTeam "SC Böblingen"]
[BlackTeam "SK Jöhlingen"]

1. d4 d5 2. c4 e6 3. Nc3 c5 4. cxd5 cxd4 5. Qxd4 Nc6 6. Qd1 exd5 7. Qxd5 Bd7 8.
e3 Nf6 9. Qd1 Bc5 10. a3 Qe7 11. Nf3 O-O-O 12. Qc2 Kb8 13. Be2 g5 14. Nxg5 Rhg8
15. Nce4 Bb6 16. Nxf6 Qxf6 17. Nf3 Rxg2 18. Bd2 Ne5 19. Qe4 Nxf3+ 20. Qxf3 Qxb2
21. Rd1 Bc6 22. Qxf7 Rg7 23. Qc4 Bxh1 24. Bc3 Rxd1+ 25. Bxd1 Rg1+ 0-1

[Event "14. Sparkassen Open 2015 - Gruppe A"]
[Site "Forchheim"]
[Date "2015.10.03"]
[Round "2.21"]
[White "Nuding, Matthias"]
[Black "Machlin, Maxim"]
[Result "1/2-1/2"]
[WhiteElo "2140"]
[BlackElo "2015"]
[PlyCount "34"]
[EventDate "2015.??.??"]
[WhiteTeam "SC Noris-Tarrasch Nürnberg"]
[BlackTeam "Biebertaler SF"]

1. Nf3 d5 2. d4 c6 3. c4 e6 4. Qc2 f5 5. g3 Nf6 6. Bg2 Bd6 7. O-O O-O 8. b3 b6
9. e3 Qe7 10. Nbd2 Bb7 11. Bb2 Nbd7 12. cxd5 cxd5 13. Rfc1 Rac8 14. Qd1 Ne4 15.
Rxc8 Rxc8 16. Rc1 Rxc1 17. Qxc1 Nxd2 1/2-1/2

[Event "14. Sparkassen Open 2015 - Gruppe A"]
[Site "Forchheim"]
[Date "2015.10.03"]
[Round "2.22"]
[White "Weigert, Wilhelm"]
[Black "Ulusoy, Tolga"]
[Result "1/2-1/2"]
[WhiteElo "2037"]
[BlackElo "2084"]
[PlyCount "65"]
[EventDate "2015.??.??"]
[WhiteTeam "Post Regensburg"]
[BlackTeam "SC Noris-Tarrasch Nürnberg"]

1. c4 d6 2. Nc3 g6 3. g3 Bg7 4. Bg2 Nd7 5. Nf3 e5 6. d4 exd4 7. Nxd4 Ngf6 8.
O-O O-O 9. b3 Re8 10. Bb2 Nc5 11. Qc2 a5 12. Rad1 Qe7 13. Rfe1 c6 14. e4 Qc7
15. Rd2 d5 16. cxd5 cxd5 17. Ndb5 Qb6 18. Nxd5 Nxd5 19. Rxd5 Bxb2 20. Rxc5 Rb8
21. Nc7 Rd8 22. Nd5 Qd6 23. Qxb2 Qxc5 24. Nf6+ Kf8 25. Nxh7+ Kg8 26. Nf6+ Kf8
27. Nd5 Kg8 28. Rc1 Qd6 29. e5 Qe6 30. Nf4 Qe7 31. Nd5 Qe6 32. Nf4 Qe7 33. Nd5
1/2-1/2

[Event "14. Sparkassen Open 2015 - Gruppe A"]
[Site "Forchheim"]
[Date "2015.10.03"]
[Round "2.23"]
[White "Fischer, Gerd"]
[Black "Haasner, Tom"]
[Result "1/2-1/2"]
[WhiteElo "2096"]
[BlackElo "1942"]
[PlyCount "76"]
[EventDate "2015.??.??"]
[WhiteTeam "FC Gunzenhausen"]
[BlackTeam "SV Bannewitz"]

1. e4 c5 2. f4 Nc6 3. Nf3 g6 4. Nc3 Bg7 5. d3 d6 6. Be2 e6 7. O-O Nge7 8. Kh1
Nd4 9. Rf2 Nec6 10. Bf1 b5 11. Nxd4 Nxd4 12. Qe1 O-O 13. Nd1 b4 14. c3 bxc3 15.
bxc3 Qa5 16. Bb2 Ba6 17. Qd2 Nc6 18. f5 exf5 19. exf5 Qd8 20. Ne3 Bh6 21. d4
Bxf1 22. Raxf1 Qh4 23. Qd3 cxd4 24. cxd4 Nb4 25. Qb3 Rae8 26. fxg6 Rxe3 27.
gxf7+ Kh8 28. Qxb4 Bg7 29. Rf4 Qe7 30. h3 Re2 31. a4 Qg5 32. Rg4 Qd5 33. Ba3 h5
34. Rg6 Rxf7 35. Rxf7 Qxf7 36. Qxd6 Qf1+ 37. Kh2 Qe1 38. Qd8+ Kh7 1/2-1/2

[Event "14. Sparkassen Open 2015 - Gruppe A"]
[Site "Forchheim"]
[Date "2015.10.03"]
[Round "3.1"]
[White "Braun, Michael"]
[Black "Solonar, Stefan"]
[Result "1/2-1/2"]
[WhiteElo "2019"]
[BlackElo "2346"]
[PlyCount "54"]
[EventDate "2015.??.??"]
[WhiteTeam "SG Büchenbach/Roth"]
[BlackTeam "SC Heusenstamm"]

1. d4 Nf6 2. c4 d6 3. g3 g6 4. Bg2 Bg7 5. Nc3 O-O 6. Nf3 Nbd7 7. O-O e5 8. e4
c6 9. h3 Qa5 10. Be3 Re8 11. d5 cxd5 12. cxd5 Nc5 13. Qb1 Na4 14. Nxa4 Qxa4 15.
Nd2 Bd7 16. b3 Qa6 17. Rc1 b5 18. Bf1 Qa3 19. Rc2 Rec8 20. Qc1 Qa5 21. Kh2 Bf8
22. Rb1 Be7 23. Rbb2 Qa3 24. Bd3 Bd8 25. Nb1 Qa5 26. Qd2 Qxd2 27. Nxd2 a6
1/2-1/2

[Event "14. Sparkassen Open 2015 - Gruppe A"]
[Site "Forchheim"]
[Date "2015.10.03"]
[Round "3.3"]
[White "De Silva, Joel Niels"]
[Black "Seyb, Alexander"]
[Result "1-0"]
[WhiteElo "2069"]
[BlackElo "2428"]
[PlyCount "105"]
[EventDate "2015.??.??"]
[WhiteTeam "SV Hockenheim"]
[BlackTeam "SC Forchheim"]

1. e4 c5 2. Nf3 d6 3. d4 cxd4 4. Nxd4 Nf6 5. Nc3 a6 6. f4 e5 7. Nf3 Nbd7 8. Bd3
b5 9. O-O Bb7 10. a3 Be7 11. Qe1 O-O 12. Kh1 Rc8 13. Bd2 exf4 14. Nd4 Ne5 15.
Bxf4 Nh5 16. Be3 g6 17. Bh6 Re8 18. Be2 Ng7 19. Qg3 Bh4 20. Qf4 Rc7 21. Rad1
Ne6 22. Nxe6 Rxe6 23. Nd5 Bxd5 24. Rxd5 g5 25. Qf5 Rxh6 26. Qxe5 dxe5 27. Rxd8+
Kg7 28. c3 Bg3 29. h3 Rf6 30. Rxf6 Kxf6 31. Rd1 Ke7 32. Bg4 Bf4 33. Kg1 Be3+
34. Kf1 Bc5 35. Rd5 f6 36. Ke2 Bd6 37. Kd3 Rc5 38. Rxc5 Bxc5 39. Bc8 a5 40. b4
axb4 41. axb4 Bf2 42. Ba6 Be1 43. Bxb5 h5 44. g4 hxg4 45. hxg4 Kd6 46. Ba4 Kc7
47. Kc4 Kb6 48. Bd7 Kc7 49. Bf5 Kd6 50. Kb3 Bd2 51. c4 Be1 52. c5+ Kc6 53. Kc4
1-0

[Event "14. Sparkassen Open 2015 - Gruppe A"]
[Site "Forchheim"]
[Date "2015.10.03"]
[Round "3.4"]
[White "Hilverda, Alexander"]
[Black "Dorst, Johannes"]
[Result "1/2-1/2"]
[WhiteElo "2384"]
[BlackElo "2223"]
[PlyCount "110"]
[EventDate "2015.??.??"]
[WhiteTeam "SC Erlangen"]
[BlackTeam "SK Marburg"]

1. d4 Nf6 2. c4 c5 3. d5 b5 4. cxb5 a6 5. bxa6 g6 6. Nc3 Bg7 7. Nf3 O-O 8. e4
Qa5 9. Bd2 Bxa6 10. Be2 Bxe2 11. Qxe2 Qa6 12. Qxa6 Nxa6 13. O-O e6 14. dxe6
fxe6 15. Bg5 Nb4 16. Bxf6 Bxf6 17. e5 Bg7 18. Rfd1 Ra7 19. Nb5 Ra5 20. a4 Rfa8
21. b3 c4 22. bxc4 Rxa4 23. Rxa4 Rxa4 24. g3 Nc6 25. Rxd7 Rxc4 26. Nc7 Nxe5 27.
Nxe5 Bxe5 28. Nxe6 Rc6 29. Rd8+ Kf7 30. Ng5+ Ke7 31. Rd5 Bg7 32. Nxh7 Ke6 33.
Rb5 Bd4 34. Ng5+ Kd6 35. Ne4+ Ke6 36. Kg2 Rc2 37. h4 Ra2 38. h5 gxh5 39. Rxh5
Rc2 40. Ra5 Rb2 41. g4 Rc2 42. Kg3 Rb2 43. g5 Bb6 44. Ra3 Kf5 45. Kf3 Rb4 46.
Ng3+ Kxg5 47. Kg2 Rb2 48. Ne4+ Kf5 49. Ra4 Ke5 50. Kg3 Kf5 51. Rc4 Ba7 52. f4
Rb3+ 53. Kg2 Rb2+ 54. Kf3 Rb3+ 55. Nc3 Bd4 1/2-1/2

[Event "14. Sparkassen Open 2015 - Gruppe A"]
[Site "Forchheim"]
[Date "2015.10.03"]
[Round "3.5"]
[White "Mooser, Stefan"]
[Black "Heidrich, Manfred"]
[Result "1/2-1/2"]
[WhiteElo "2148"]
[BlackElo "2348"]
[PlyCount "43"]
[EventDate "2015.??.??"]
[WhiteTeam "PSV Dorfen"]
[BlackTeam "SC Forchheim"]

1. e4 c5 2. Nf3 Nf6 3. Nc3 Nc6 4. d4 d5 5. exd5 Nxd5 6. Nxd5 Qxd5 7. Be3 cxd4
8. Nxd4 a6 9. c4 Qa5+ 10. Qd2 Qxd2+ 11. Kxd2 Bd7 12. f3 e5 13. Nxc6 Bxc6 14.
Bd3 Be7 15. Ke2 O-O 16. g4 g6 17. Be4 Rac8 18. Rac1 Rfd8 19. b3 Kf8 20. Rhd1
Ke8 21. Rxd8+ Kxd8 22. Rd1+ 1/2-1/2

[Event "14. Sparkassen Open 2015 - Gruppe A"]
[Site "Forchheim"]
[Date "2015.10.03"]
[Round "3.6"]
[White "Wenninger, Philipp"]
[Black "Kroneder, Christian"]
[Result "1-0"]
[WhiteElo "2249"]
[BlackElo "2045"]
[PlyCount "51"]
[EventDate "2015.??.??"]
[WhiteTeam "SC Erlangen"]
[BlackTeam "SK Schwanstetten"]

1. d4 d5 2. c4 c6 3. Nf3 Nf6 4. Nc3 e6 5. Bg5 h6 6. Bh4 dxc4 7. e4 g5 8. Bg3 b5
9. Be2 Bb7 10. h4 g4 11. Ne5 Nbd7 12. Nxd7 Qxd7 13. Be5 Qe7 14. Bxg4 Rg8 15.
Bf3 O-O-O 16. O-O Nd7 17. Bg3 e5 18. d5 Nb6 19. Qe2 f6 20. Rfd1 Qc5 21. Kh2 Be7
22. Rac1 Kb8 23. a3 a5 24. dxc6 Bxc6 25. Nd5 Ka7 26. b4 1-0

[Event "14. Sparkassen Open 2015 - Gruppe A"]
[Site "Forchheim"]
[Date "2015.10.03"]
[Round "3.7"]
[White "Schäfers, Andreas"]
[Black "Thinius, Marco"]
[Result "1-0"]
[WhiteElo "2037"]
[BlackElo "2320"]
[PlyCount "94"]
[EventDate "2015.??.??"]
[WhiteTeam "SV Koblenz"]
[BlackTeam "SV Empor Berlin"]

1. d4 Nf6 2. c4 c5 3. d5 b5 4. cxb5 a6 5. b6 d6 6. Nc3 Nbd7 7. Nf3 Rb8 8. Nd2
Rxb6 9. e4 g6 10. Be2 Bg7 11. O-O O-O 12. Re1 Rb4 13. Rb1 Qc7 14. Qc2 Ne5 15.
a3 Rb8 16. f4 Ned7 17. Nc4 Nb6 18. Ne3 e6 19. Bd2 exd5 20. exd5 Re8 21. b4 Bd7
22. Qb3 c4 23. Qd1 Ne4 24. Nxe4 Rxe4 25. Qc2 Rbe8 26. Bf3 Rxf4 27. Bc3 Bxc3 28.
Qxc3 Na4 29. Qc2 c3 30. Rbc1 Qb6 31. Qf2 Rd4 32. Nc2 Rxe1+ 33. Nxe1 Bf5 34. Bd1
Rd2 35. Qxb6 Nxb6 36. Bb3 Be4 37. Rxc3 Nxd5 38. Rc4 Nf6 39. Rc7 d5 40. Rc6 Ng4
41. Rxa6 Ne3 42. Ra8+ Kg7 43. Re8 f5 44. b5 Rb2 45. Ba4 f4 46. Re7+ Kf6 47.
Rxh7 Re2 1-0

[Event "14. Sparkassen Open 2015 - Gruppe A"]
[Site "Forchheim"]
[Date "2015.10.03"]
[Round "3.8"]
[White "Kast, Joannis"]
[Black "Golda, Harald"]
[Result "1/2-1/2"]
[WhiteElo "2023"]
[BlackElo "2346"]
[PlyCount "84"]
[EventDate "2015.??.??"]
[WhiteTeam "SK Jöhlingen"]
[BlackTeam "SK Schweinfurt"]

1. e4 c5 2. Nf3 d6 3. d4 cxd4 4. Nxd4 Nf6 5. f3 Nc6 6. c4 Nxd4 7. Qxd4 g6 8.
Be3 Bg7 9. Qd2 O-O 10. Nc3 Be6 11. Rc1 Rc8 12. b3 Qa5 13. Bd3 a6 14. Nd5 Qxd2+
15. Kxd2 Nxd5 16. cxd5 Bd7 17. Rxc8 Rxc8 18. Rc1 Rxc1 19. Kxc1 f5 20. exf5 Bxf5
21. Bxf5 gxf5 22. Kd2 Kf7 23. Kd3 e6 24. dxe6+ Kxe6 25. Kc4 Be5 26. h3 Bg3 27.
a4 h5 28. Bd4 Bh4 29. g4 hxg4 30. hxg4 fxg4 31. fxg4 Be7 32. Kd3 Kd5 33. Be3
Ke5 34. g5 Bf8 35. g6 Kf6 36. Ke4 Kxg6 37. Kd5 Kf7 38. Bf4 Ke8 39. Bxd6 Bh6 40.
b4 Kd7 41. b5 axb5 42. axb5 Bg7 1/2-1/2

[Event "14. Sparkassen Open 2015 - Gruppe A"]
[Site "Forchheim"]
[Date "2015.10.03"]
[Round "3.9"]
[White "Promyshlyanskyy, Vitaliy"]
[Black "Koch, Markus"]
[Result "1-0"]
[WhiteElo "2236"]
[BlackElo "2170"]
[PlyCount "61"]
[EventDate "2015.??.??"]
[WhiteTeam "SC Noris-Tarrasch Nürnberg"]
[BlackTeam "SC Brett vorm Kopp"]

1. e4 c5 2. Nc3 g6 3. f4 Bg7 4. Nf3 Nc6 5. Bb5 Nd4 6. O-O Nxb5 7. Nxb5 d5 8. e5
a6 9. Nc3 Nh6 10. d4 cxd4 11. Qxd4 Nf5 12. Qxd5 Qb6+ 13. Kh1 Be6 14. Qe4 h5 15.
Qe1 Bc4 16. Qf2 Qc6 17. Re1 h4 18. h3 O-O-O 19. Be3 b5 20. a3 f6 21. Nd4 Nxd4
22. Bxd4 Be6 23. Kg1 Rdf8 24. Qe3 Bf5 25. Na2 Bh6 26. Nb4 Qb7 27. exf6 exf6 28.
Bxf6 Rxf6 29. Qc3+ Kb8 30. Qxf6 Bg7 31. Qd6+ 1-0

[Event "14. Sparkassen Open 2015 - Gruppe A"]
[Site "Forchheim"]
[Date "2015.10.03"]
[Round "3.10"]
[White "Heimrath, Reiner"]
[Black "Bathray, Johannes"]
[Result "1-0"]
[WhiteElo "2191"]
[BlackElo "2154"]
[PlyCount "71"]
[EventDate "2015.??.??"]
[WhiteTeam "SC Noris-Tarrasch Nürnberg"]
[BlackTeam "SC Böblingen"]

1. e4 c5 2. Nf3 g6 3. c3 d5 4. exd5 Qxd5 5. d4 Bg7 6. Be2 Nf6 7. O-O O-O 8.
dxc5 Qxc5 9. Nbd2 Qc7 10. Nd4 a6 11. Qa4 Bd7 12. Qc4 Nc6 13. Nxc6 Bxc6 14. Nf3
b5 15. Qh4 Qb7 16. Bh6 Rfd8 17. Bxg7 Kxg7 18. Rfd1 Bd5 19. Qg5 h6 20. Qe5 Rd6
21. Qf4 Rad8 22. h3 Re6 23. Nd4 Re4 24. Qg3 e5 25. Nf5+ Kh7 26. Ne3 Nh5 27.
Bxh5 gxh5 28. Qf3 Rf4 29. Qxh5 Bf3 30. gxf3 Rg8+ 31. Ng4 Rg6 32. Rd3 e4 33. Rd5
Rxf3 34. Rf5 Qd7 35. Rxf3 exf3 36. Qxg6+ 1-0

[Event "14. Sparkassen Open 2015 - Gruppe A"]
[Site "Forchheim"]
[Date "2015.10.03"]
[Round "3.11"]
[White "Reis, Gerhard"]
[Black "Foermes, Alexander"]
[Result "1-0"]
[WhiteElo "2197"]
[BlackElo "2074"]
[PlyCount "65"]
[EventDate "2015.??.??"]
[WhiteTeam "SW Nürnberg Süd"]
[BlackTeam "SK Marburg"]

1. Nf3 c5 2. c4 Nc6 3. Nc3 g6 4. g3 Bg7 5. Bg2 e6 6. d4 cxd4 7. Nb5 d5 8. cxd5
Qa5+ 9. Qd2 Qxb5 10. dxc6 Qxc6 11. O-O Qb6 12. b3 Ne7 13. Ba3 Nc6 14. Rac1 e5
15. Ng5 Bh6 16. f4 Bf5 17. Kh1 f6 18. Ne4 Bxe4 19. Bxe4 Kf7 20. e3 Rad8 21. Bc5
dxe3 22. Qxe3 Qa5 23. Qe2 exf4 24. Bxc6 Qc7 25. Qc4+ Kg7 26. Bg2 Qb8 27. gxf4
Rc8 28. Qe6 Bxf4 29. Qe7+ Kh6 30. Rc4 Be5 31. Be3+ g5 32. Rh4+ Kg6 33. Be4+ 1-0

[Event "14. Sparkassen Open 2015 - Gruppe A"]
[Site "Forchheim"]
[Date "2015.10.03"]
[Round "3.12"]
[White "Auburger, Philipp"]
[Black "Schulz, Lukas"]
[Result "1/2-1/2"]
[WhiteElo "1962"]
[BlackElo "2167"]
[PlyCount "105"]
[EventDate "2015.??.??"]
[WhiteTeam "SC Forchheim"]
[BlackTeam "SC Höchstadt/Aisch"]

1. e4 d5 2. exd5 Nf6 3. c4 c6 4. d4 cxd5 5. Nc3 e6 6. Nf3 Be7 7. Bd3 dxc4 8.
Bxc4 O-O 9. O-O Nbd7 10. Re1 Nb6 11. Bd3 Nbd5 12. Bg5 b6 13. Rc1 Bb7 14. Ne5
Nxc3 15. bxc3 Qd5 16. f3 Qxa2 17. Nc4 Bd5 18. Ra1 Qxc4 19. Bxc4 Bxc4 20. f4 Nd5
21. Bxe7 Nxe7 22. Re3 a5 23. Rh3 g6 24. Qe1 f6 25. Re3 Kf7 26. g4 a4 27. Qc1 b5
28. Kf2 Nd5 29. Rh3 Kg8 30. f5 exf5 31. Qh6 Rf7 32. gxf5 g5 33. Rg3 Ne7 34. Qh3
a3 35. Qg4 a2 36. Kg1 h6 37. Rg2 Nd5 38. Qf3 Ra3 39. Rc2 Re7 40. h4 Re3 41. Qg2
b4 42. hxg5 hxg5 43. Rcxa2 Bxa2 44. Rxa2 Nf4 45. Qf2 Re1+ 46. Kh2 Rxa2 47.
Qxa2+ Kf8 48. Qc4 Re2+ 49. Kg1 bxc3 50. Qxc3 Rg2+ 51. Kf1 Rg1+ 52. Kf2 Rg2+ 53.
Kf1 1/2-1/2